000 00347nam a2200145Ia 4500
001 24247
008 140410s9999 xx 000 0 und d
040 _cPK-LaUMT
082 _a 004.76
_bHAN-
245 _aHandbook for the palm V organizer
260 _aCalifornia,USA:
_bPalm Computing,
_c1998
300 _a226 p.
546 _aEN
942 _cBK
999 _c24449
_d24449